Die Doelstellings van Kliniese Onderrig aan 'n Regsfakulteit / (Record no. 1040)

MARC details
000 -LEADER
fixed length control field 00486nam a22001577a 4500
005 - DATE AND TIME OF INPUT
control field 20231129090511.0
008 - DATA ELEMENTS--GENERAL INFORMATION
fixed length control field 231129b |||||||| |||| 00| 0 eng d
041 ## - LANGUAGE CODE
Language code of text Afrikaans
082 ## - SHELF NUMBER
DDC number 340.07 STE
100 ## - MAIN AUTHOR
Main author's name Steenhuise, E
Language of a work Afrikaans
245 ## - TITLE STATEMENT
Title Die Doelstellings van Kliniese Onderrig aan 'n Regsfakulteit /
Statement of responsibility, etc. E Steenhuisen
260 ## - PUBLICATION, DISTRIBUTION, ETC.
Date of publication, distribution, etc. 1998
300 ## - PHYSICAL DESCRIPTION
Other physical details xv, 288 pages ;
Dimensions 30,4 cm.
650 ## - SUBJECT`
Broad subject Legal practice
Own subject terms Law
942 ## - ADDED ENTRY ELEMENTS (KOHA)
Item type Books
942 ## - ADDED ENTRY ELEMENTS (KOHA)
-- ALISON_BN_VRIES
Holdings
Source of classification or shelving scheme Not for loan Collection code Home library Current library Shelving location Date acquired Full call number Barcode Price effective from Koha item type
Dewey Decimal Classification   TEXT BOOKS LAW SOCIETY OF NAMIBIA LIBRARY - WINDHOEK LAW SOCIETY OF NAMIBIA LIBRARY - WINDHOEK General Shelf 11/29/2023 340.07 STE LSN/2007/6 11/29/2023 Books